00834nam a2200169 a 450000100100000000500170001000800410002704000250006824500430009326000720013630000210020804900090022995201200023895201780035895201110053699900170064700003087820200930062550.0110602s1978 dr 000 0 spa d aDO-SdBNPbspacBNPHU00aObra literaria de José A. Santana /. aHigüey, República Dominicana :bGrupo Cultural Higüey,c1978. a158 p. ;c23 cm. aBNPD 001054708DSaGRbGRcHDd2013-10-21iLF1l0o p30878-30r2020-06-25te. 3w2020-06-25yLFDSZPréstamo en sala 0010718PDaPDbPDcHDd2011-06-02iLF1l0o p30878-10r2020-06-25w2020-06-25yLFPDzPerteneció a la biblioteca personal de Juan Isidro Jimenes Grullón.ZNo se presta 0010718PDaPDbPDcHDd2013-05-22iLF1l0o p30878-20r2020-06-25te. 2w2020-06-25yLFPDZNo se presta c30370d30370